000 00452nam a2200169Ia 4500
008 090711s9999 xx 000 0 und d
082 _b35822
100 _aबोराडे रा. रं.
245 _aमाळरान
260 _c1976
300 _a132
600 _aबोराडे रा. रं.
630 _aमाळरान
700 _aबोराडे रा. रं.
730 _aमाळरान
942 _cBOOK
999 _c309335
_d309335